000
00335cam a2200133ua 4500
041
_a
mal
_h
082
_a
894.812 301
_b
MAN/MU
100
_a
Maniyur, P B .
245
_a
Muthalum palishayum /
_c
P B Maniyur.
_h
Textual Documents
260
_a
Calicut :
_b
P.K Brothers ,
_c
1957.
300
_a
102 ; .
942
_c
BK
999
_c
3972
_d
3972